| Tag |
First Indicator |
Second Indicator |
Subfields |
| LEADER |
00000cam a2200000 a 4500 |
| 001 |
in00000026161 |
| 005 |
20151007055829.0 |
| 008 |
871103s1988 nyu b 00100 eng |
| 010 |
|
|
|a 87032595
|
| 020 |
|
|
|a 0899303447 (lib. bdg. : alk. paper)
|
| 035 |
|
|
|a (OCoLC)17107958
|
| 035 |
|
|
|9 AAB9383AM
|
| 040 |
|
|
|a DLC
|c DLC
|d TXA
|d UtOrBLW
|
| 043 |
|
|
|a n-us---
|
| 049 |
|
|
|a TXAM
|c [A11507101]
|
| 050 |
0 |
0 |
|a HD70.U5
|b P69 1988
|
| 082 |
0 |
|
|a 658
|2 19
|
| 245 |
0 |
0 |
|a Productivity and quality through science and technology /
|c edited by Y.K. Shetty and Vernon M. Buehler ; foreword by Donald E. Petersen.
|
| 264 |
|
1 |
|a New York :
|b Quorum Books,
|c 1988.
|
| 300 |
|
|
|a xxi, 446 pages ;
|c 24 cm.
|
| 336 |
|
|
|a text
|b txt
|2 rdacontent
|
| 337 |
|
|
|a unmediated
|b n
|2 rdamedia
|
| 338 |
|
|
|a volume
|b nc
|2 rdacarrier
|
| 504 |
|
|
|a Bibliography: pages [415]-432.
|
| 500 |
|
|
|a Includes index.
|
| 650 |
|
0 |
|a Industrial management
|z United States.
|
| 650 |
|
0 |
|a Industrial productivity
|z United States.
|
| 650 |
|
0 |
|a Labor productivity
|z United States.
|
| 650 |
|
0 |
|a Technological innovations
|x Economic aspects
|z United States.
|
| 650 |
|
0 |
|a Competition
|z United States.
|
| 700 |
1 |
|
|a Shetty, Y. Krishna.
|
| 700 |
1 |
|
|a Buehler, Vernon M.
|
| 999 |
|
|
|a MARS
|
| 999 |
f |
f |
|s 692bc871-038f-3d59-a9e3-99353ab2f057
|i 32162798-7b72-3089-99b7-4aa4ee705b60
|t 0
|
| 952 |
f |
f |
|p ric
|a Texas A&M University
|b Rellis Campus
|c Joint Library Facility
|d Remote Storage
|t 0
|e HD70.U5 P69 1988
|h Library of Congress classification
|i unmediated -- volume
|m A14811507101
|
| 998 |
f |
f |
|a HD70.U5 P69 1988
|t 0
|l Remote Storage
|